Rocket League Pros Chain - Statistics

General Stats
  • This quiz has been taken 433 times
  • The average score is 6 of 20
Answer Stats
Hint Answer % Correct
Major champion who started his career in season X on Barrage rise.
60%
The Japanese GOAT Realize
57%
3-time World Champion Kaydop
55%
His in-game name is his real life name in reverse Retals
43%
The first (and so far the last) player to join the OG Sandrock Trk511
43%
Was banned for playing underage Atomic
32%
King Caard
31%
Mechanical genious in Dominus (and no he's not a freestyler) Kash
30%
His countryman eekso
25%
World Champion Extra
25%
Has a twin brother Kiileerrz
24%
Scored the OT winner in game 7 of the first ever Bo7 reverse sweep in NA RLCS history Daniel
23%
Was a temporary solution for a team who sent a player on a split long loan Exotiik
22%
His real name is Bruno Alexandre dos Santos Lopes AcroniK
20%
Razears' 2s partner at Gamers8 Parka
15%
Made a name for himself at RLCS 2021-22 Worlds Lostt
13%
Made some (Atlantide) Waves in Spring Split of Season X ;) Saizen
13%
Spanish player Zamue
12%
NA bubble player Omar
7%
North American Saviour of the season in season 9 hockser
5%
No matching quizzes found
Score Distribution
Percent of People with Each Score
Percentile by Number Answered
Your Score History
You have not taken this quiz